| Tag |
First Indicator |
Second Indicator |
Subfields |
| LEADER |
00000cam a22000008a 4500 |
| 001 |
in00000029075 |
| 005 |
20151007060047.0 |
| 008 |
870820s1988 moua b s00110 eng |
| 010 |
|
|
|a 87019235
|
| 020 |
|
|
|a 0526206446 (alk. paper)
|
| 035 |
|
|
|a (OCoLC)16648089
|
| 035 |
|
|
|9 AAB9994AM
|
| 040 |
|
|
|a DLC
|c DLC
|d TXA
|d UtOrBLW
|
| 043 |
|
|
|a e-uk-en
|
| 049 |
|
|
|a TXAM
|c [A11075544]
|
| 050 |
0 |
0 |
|a N6797.S76
|b B46 1988
|
| 082 |
0 |
|
|a 709/.2/4
|2 19
|
| 100 |
1 |
|
|a Bennett, Shelley M.,
|d 1947-
|
| 245 |
1 |
0 |
|a Thomas Stothard :
|b the mechanisms of art patronage in England circa 1800 /
|c Shelley M. Bennett.
|
| 263 |
|
|
|a 8804
|
| 264 |
|
1 |
|a Columbia :
|b University of Missouri Press,
|c 1988.
|
| 300 |
|
|
|a ix, 112 pages :
|b illustrations
|
| 336 |
|
|
|a text
|b txt
|2 rdacontent
|
| 337 |
|
|
|a unmediated
|b n
|2 rdamedia
|
| 338 |
|
|
|a volume
|b nc
|2 rdacarrier
|
| 504 |
|
|
|a Bibliography: pages 100-106.
|
| 500 |
|
|
|a Includes index.
|
| 600 |
1 |
0 |
|a Stothard, Thomas,
|d 1755-1834
|x Criticism and interpretation.
|
| 650 |
|
0 |
|a Art, English.
|
| 650 |
|
0 |
|a Art, English
|y 18th century.
|
| 650 |
|
0 |
|a Art, English
|y 19th century.
|
| 650 |
|
0 |
|a Art patronage
|z England.
|
| 650 |
|
0 |
|a Artists and patrons
|z England.
|
| 999 |
|
|
|a MARS
|
| 999 |
f |
f |
|s 1d148c06-5aeb-313a-ab7f-6c09b0b96cad
|i c6b15f54-5af0-3eff-a536-8feebc116419
|t 0
|
| 952 |
f |
f |
|p normal
|a Texas A&M University
|b College Station
|c Sterling C. Evans Library
|d Evans: Library Stacks
|t 0
|e N6797.S76 B46 1988
|h Library of Congress classification
|i unmediated -- volume
|m A14811075544
|
| 998 |
f |
f |
|a N6797.S76 B46 1988
|t 0
|l Evans: Library Stacks
|